00943nam a2200217 i 4500003000900000005001700009007000300026008004100029040003000070082001300100110002700113240001700140245024800157264005700405300002600462336002700488337003300515338002800548500005300576500009600629DO-SdBNP20230926152451.0ta140217s200- dr 000 0 spa d aDO-SdBNPbspacBNPHUerda bR426222 aRepública Dominicana10a[leyes,etc.]10aLey No. 57-07, sobre incentivo al desarrollo de fuentes renovables de energía y de sus regímenes especiales :breglamento de la ley 57-07, sobre incentivo al desarrollo de fuentes renovables de energía y de sus regímenes especiales / 1aSanto Domingo :b[editor no identificado], c[2007]. a199 páginasc21 cm. 2rdacontentatextobtxt 2rdamediaasin mediaciónbn 2rdacarrieravolumenbnc aLey No. 57-07, Promulgada el 7 de mayo del 2007. aReglamento, según decreto No. 202-08 que aprueba reglamento de aplicación de esta ley.